An expert system for options and futures trading /
Saved in:
| 主要作者: | |
|---|---|
| 格式: | Thesis 图书 |
| 语言: | English |
| 出版: |
1988.
|
| 主题: | |
| 标签: |
添加标签
没有标签, 成为第一个标记此记录!
|
| LEADER | 00811cam a2200241 a 4500 | ||
|---|---|---|---|
| 001 | u93848 | ||
| 003 | SIRSI | ||
| 008 | 910613s1988 si v 00 1 eng m | ||
| 035 | |a AAK-2500 | ||
| 040 | |a UMM | ||
| 090 | |a HG6024.3 |b Tha | ||
| 100 | 1 | 0 | |a Tham, Weng Kee. |
| 245 | 1 | 3 | |a An expert system for options and futures trading / |c by Tham Weng Kee. |
| 260 | 1 | |c 1988. | |
| 300 | |a xiv : |b ill. ; |c 30 cm. | ||
| 502 | |a Dissertation (M.B.A.) -- National University of Singapore, 1988. | ||
| 504 | |a Bibliography: leaves 165-166. | ||
| 650 | 0 | |a Options (Finance) |x Data processing. | |
| 650 | 0 | |a Stock options |x Data processing. | |
| 650 | 0 | |a Financial futures |x Data processing. | |
| 948 | |a 13/08/1991 |b 19/02/2004 | ||
| 596 | |a 1 | ||
| 999 | |a HG6024.3 THA |w LC |c 1 |i A010705141 |d 14/12/1992 |l STACKS |m P01UTAMA |n 1 |r Y |s Y |t TESIS |u 22/10/1991 | ||
